000 00645nam a2200241 i 4500
001 C2-0078588
003 PPAK
005 20180727083213.0
008 970429s1993 enka|||| ||||| | eng d
020 _a0850459478
040 _aPPAK
_beng
_cPPAK
_erda
082 0 4 _a355.4409
_223
090 0 0 _a355.4409
_bGRA
_dR
100 1 _aGravett, Christopher,
_eauthor
245 1 0 _aMedieval siege warface
264 1 _aLondon :
_bOsprey ,
_c1993
300 _a64 pages :
_billustrations ;
_c25 cm
336 _2rdacontent
_atext
337 _2rdamedia
_aunmediated
338 _2rdacarrier
_avolume
650 1 0 _aSieges - History
942 _ddc
_cB
999 _c13138
_d13138